Backward Thanksgiving Match-Up Quiz Stats

 Plays Quiz not verified by Sporcle

Score 0/25 Timer 05:00
0 Plays Today
% Correct
NIK
89.4%
GNIF
88.5%
LLAB
88.1%
YEK
88%
YLI
88%
SEIRR
87.5%
SEOT
87.3%
SM
86.6%
SMIR
85.2%
YADI
84.5%
HTUO
84.3%
NMU
83.4%
YADS
82.9%
% Correct
AIPOC
82.2%
SREVO
81.7%
DAERB
81%
ELORE
80.8%
REBM
80.1%
ECEIP
78.3%
TSEV
75.7%
EDA
71.9%
EV
71.4%
S'Y
69.2%
STSIN
64.4%
OTN
63.4%

You're not logged in!

Compare scores with friends on all Sporcle quizzes.
OR
Log In

Sporcle TV

Today on Sporcle TV


Watch our educational content, quiz creation guides, and fun videos on Sporcle TV.

Show Comments

Extras

Top Quizzes Today


Score Distribution

Your Account Isn't Verified!

In order to create a playlist on Sporcle, you need to verify the email address you used during registration. Go to your Sporcle Settings to finish the process.

Report this User

Report this user for behavior that violates our Community Guidelines.

Details: